00305nam a2200133Ia 4500008004100000041000800041082001300049100001700062245001800079260002300097300000800120365001600128700002700144230718s9999 xx 000 0 und d aeng a390bCOL aCollins J.C. aBuilt To Last c1998bRandom House a342 cRs.b567.00 aCollins J .C. & Porras